Control de la producción (Registro nro. 2600)
[ vista simple ]
| 000 -LEADER | |
|---|---|
| fixed length control field | 01698 a2200217 4500 |
| 001 - CONTROL NUMBER | |
| control field | 35990 |
| 005 - DATE AND TIME OF LATEST TRANSACTION | |
| control field | 20260407155637.0 |
| 008 - FIXED-LENGTH DATA ELEMENTS--GENERAL INFORMATION | |
| fixed length control field | 260407a1959 arg spa d |
| 003 - CONTROL NUMBER IDENTIFIER | |
| control field | AR-UNSa-BCEJYS |
| 040 ## - CATALOGING SOURCE | |
| Original cataloging agency | AR-UNSa-BCEJYS |
| Language of cataloging | spa |
| Transcribing agency | AR-UNSa-BCEJYS |
| 080 ## - UNIVERSAL DECIMAL CLASSIFICATION NUMBER | |
| Universal Decimal Classification number | 658.5 |
| Common auxiliary subdivision | Planificación y control de la producción<br/> |
| 100 1# - MAIN ENTRY--PERSONAL NAME | |
| Personal name | Moore, Franklin G. |
| 245 10 - TITLE STATEMENT | |
| Title | Control de la producción |
| 250 ## - EDITION STATEMENT | |
| Edition statement | 2a. ed. |
| 264 #1 - PRODUCTION, PUBLICATION, DISTRIBUTION, MANUFACTURE, AND COPYRIGHT NOTICE | |
| Place of production, publication, distribution, manufacture | New York : |
| Name of producer, publisher, distributor, manufacturer | McGraw-Hill |
| Date of production, publication, distribution, manufacture, or copyright notice | 1959 |
| 300 ## - PHYSICAL DESCRIPTION | |
| Extent | 677 p. |
| Dimensions | 24 cm. |
| 505 ## - FORMATTED CONTENTS NOTE | |
| Formatted contents note | 1. Funciones del control de la producción - 2. Tipos de producción - 3. Clases secundarias de producción - 4. Tipos y procedimientos de control - 5. Organización del control de la producción - 6. Previsión - 7. Previsión(continuación) - 8. Estimación - 9. Estimación( continuación) - 10. Autorización de la actuación - 11. Primer planemiento-Aspectos técnicos - 12. Planeamiento-Aspectos técnicos - 13. Instrucciones principales de elaboración - 14. Sistemas de identificación y calendarios - 15. Estimación de la mano de obra - 16. Control de existencias en la fabricación sobre pedido - 17. Control de existencias(continuación) - 18. Planeamiento. Aspectos del control de producción - 19. Preparación de la fabricación - 20. Programación - 21. Despacho - 22. Mantenimiento de la marcha de la producción - 23. Otros problemas de taller - 24. Control por bloques y por volumen de trabajo - 25. Control por volumen de producción - 26. Control por volumen de producción - 27. Investigación operativa - 28. Programación lineal - 29. Máquinas tabuladoras y calculadoras. |
| 590 ## - LOCAL NOTE (RLIN) | |
| Local note | niveau_biblio:m niveau_hierar:0 |
| 700 1# - ADDED ENTRY--PERSONAL NAME | |
| Personal name | Pérez Martinez, Carlos |
| 942 ## - ADDED ENTRY ELEMENTS (KOHA) | |
| Koha item type | |
| Withdrawn status | Lost status | Damaged status | Not for loan | Home library | Current library | Shelving location | Date acquired | Total checkouts | Full call number | Barcode | Date last seen | Price effective from | Koha item type |
|---|---|---|---|---|---|---|---|---|---|---|---|---|---|
| Biblioteca Prof. Eusebio Cleto del Rey | Biblioteca Prof. Eusebio Cleto del Rey | 07/04/2026 | 658.5 M821 2ed. | L24452 | 07/04/2026 | 07/04/2026 | Libro |